Comó se produce el texto escrito. Teoría y práctica

Saved in:
书目详细资料
主要作者: Parra, Marina (autora)
格式: 图书
语言:西班牙语
出版: Bogotá Magisterio 2004
版:3a. ed
丛编:Palabra
主题:
标签: 添加标签
没有标签, 成为第一个标记此记录!

MARC

LEADER 00000nam a2200000 a 4500
001 UCI3105
003 CL-VaPUC
008 071012e20040000CK |||||||||||||||||spa|d
020 |a 9582000301 
082 0 4 |a 808.02  |b PAR  |2 21 
100 |a Parra, Marina  |e autora  |9 455591 
245 1 0 |a Comó se produce el texto escrito. Teoría y práctica 
250 |a 3a. ed 
300 |a 243 p 
942 |c BK 
945 |d 20071012 00:00:00  |a rbrito 
260 |a Bogotá  |b Magisterio  |c 2004 
650 0 |a Redacción técnica  |9 259855 
650 7 |a REDACTORES TECNICOS  |2 CL-VaPUC  |9 480211 
650 0 |a Proceso de comunicación   |9 332060 
650 0 |a Divulgación científica  |9 364576 
650 7 |a COMUNICACION DE MASAS  |2 CL-VaPUC  |9 334823 
650 0 |a Técnicas de comunicación  |9 334811 
583 |a last modification  |c 20071012 00:00:00  |k Rodrigo Vera 
490 0 |a Palabra 
999 |c 327499  |d 327497 
952 |0 0  |1 0  |4 0  |6 808_020000000000000_PAR_2004  |7 0  |8 A  |9 410368  |a BIBEDU  |b BIBEDU  |d 2019-11-22  |i 437603K  |l 1  |o 808.02 PAR 2004  |p 437603K  |r 2022-05-25  |s 2022-05-24  |w 2019-11-22  |y BK  |k LIT